| 000 | 00938nam a2200229 i 4500 | ||
|---|---|---|---|
| 001 | 183328 | ||
| 003 | ES-MaACL | ||
| 005 | 20240229062734.0 | ||
| 008 | 140324s2010 sp |||| | spa d | ||
| 020 | _a978-84-92681-30-3 | ||
| 080 | _a94(460)"1808/14" | ||
| 245 | 0 | 3 |
_aLa Guerra de la Independencia en el mosaico peninsular (1808-1814) / _cCristina Borreguero Beltrán (coord.). |
| 260 |
_aBurgos : _bServicio de Publicaciones e Imagen Institucional, Universidad de Burgos, _c2010. |
||
| 300 |
_a805 p. : _bil., gráf. ; _c24 cm. |
||
| 504 | _aIncluye referencias bibliográficas. | ||
| 651 | 4 |
_aEspaña- _xHistoria- _y1808-1814, Guerra de la Independencia _98244 |
|
| 700 | 1 |
_aBorreguero Beltrán, Cristina. _9154604 |
|
| 852 |
_aES-MaACL _jA-13064 _9190267 _bR.149764 _cDEPO1 _dOlim: N-6064 _hDonación: Real Academia Española |
||
| 914 |
_96336 _aReal Academia Española _ednr |
||
| 942 |
_2udc _cMONOGRAFIA |
||
| 999 |
_c183328 _d183328 |
||